000 00872nam a2200277 a 4500
008
020 _a0716770059 (pbk.)
049 _aMAIN
090 _aQP606.D46
_bPOL
245 0 0 _aPCR technology :
_bprinciples and applications for DNA amplification /
_c[edited by]Henry A. Erlich.
260 _aNew York :
_bStockton Press ,
_c1991.
300 _ax, 246 p. :
_bill. ;
_c23 cm.
504 _aIncludes bibliographical references.
500 _aIncludes index.
650 0 _aPolymerase chain reaction.
650 0 _aGene amplification.
650 2 _aDNA-Directed DNA Polymerase.
650 2 _aGenetic Engineering.
650 2 _aMolecular Biology.
700 1 _aErlich, Henry A.
907 _a.b10184272
_b07-05-12
_c04-01-06
003
005 20230123134134.0
040 _cNUST
942 _cBOOKS
_kQP606.D46
_mPOL
999 _c160718
_d160718